[Event "British Chess Championships 2023: U12 Championship"]
[Site "The Venue, De Montfort University, 20 Western Boulevard, Leicester, LE2 7BU"]
[Date "2023.07.29"]
[Round "7"]
[Board "2"]
[White "Gunarathne, Senith"]
[Black "Dairi, Ramsey"]
[Result "0-1"]
[WhiteElo "1460"]
[BlackElo "1592"]
[PlyCount "0"]
[EventDate "2023.07.25"]
[EventRounds "7"]
[EventCountry "ENG"]

1. e4 c5 2. Nf3 g6 3. d4 cxd4 4. Nxd4 Nc6 5. Nc3 Nf6 6. Be3 Bg7 7. f3 O-O 8. Qd2
d5 9. Rd1 dxe4 10. fxe4 Ng4 11. Nxc6 Qxd2+ 12. Rxd2 bxc6 13. Bc5 Bh6 14. Rd3 Ne5
15. Rd1 Bg4 16. Be2 Rfd8 17. O-O Bxe2 18. Nxe2 Nc4 19. Bxe7 Re8 20. Rd7 Nd2 21. Rd1
Nxe4 22. g3 Bf8 23. Bxf8 Kxf8 24. Nd4 Nc5 25. Rd6 Rad8 26. Nxc6 Rxd6 27. Rxd6 Re1+
28. Kf2 Rb1 29. Rd8+ Kg7 30. Rb8 Rc1 31. Nd4 Rh1 32. Kg2 Rd1 33. Nf3 Kf6 34. Rb5
Ne6 35. Rb7 Rc1 36. c3 a5 37. Rb6 Kf5 38. Rb5+ Ke4 39. Nd2+ Kd3 40. Rd5+ Ke2 41.
Nc4 Rc2 42. Re5+ Kd3+ 43. Kh3 Kxc4 44. Rxa5 Rxb2 45. Ra7 Kxc3 46. Rxf7 Ng5  0-1

[Event "British Chess Championships 2023: U12 Championship"]
[Site "The Venue, De Montfort University, 20 Western Boulevard, Leicester, LE2 7BU"]
[Date "2023.07.29"]
[Round "7"]
[Board "3"]
[White "Kilambi, Venkata Ananth Akshay"]
[Black "Soulier, Alfred"]
[Result "1/2-1/2"]
[WhiteElo "1533"]
[BlackElo "1757"]
[PlyCount "0"]
[EventDate "2023.07.25"]
[EventRounds "7"]
[EventCountry "ENG"]

1. c4 Nf6 2. Nc3 g6 3. e4 d6 4. Nf3 Bg7 5. d4 O-O 6. Be2 e5 7. d5 Na6 8. Nd2 c6 9.
Rb1 cxd5 10. Nxd5 Nxd5 11. cxd5 Nc7 12. O-O f5 13. f3 f4 14. a4 Bf6 15. Nc4 Bh4 16.
Bd2 Qg5 17. g4 Ne8 18. Be1 Bd7 19. a5 h5 20. h3 hxg4 21. hxg4 Kg7 22. Kg2 Bb5 23.
Bxh4 Qxh4 24. Qe1 Qxe1 25. Rbxe1 Bxc4 26. Bxc4 Rc8 27. Rc1 Nf6 28. Rh1 Rc7 29. Rc2
Rfc8 30. Rhc1 g5 31. Bd3 Rxc2+ 32. Rxc2 Rxc2+ 33. Bxc2 Kf7 34. Ba4 Ke7 35. Kf2 Kd8
36. Ke2 Kc7 37. Kd3 Ng8 38. b4 Ne7 39. Be8 Nc8 40. Kc4 Ne7 41. Kd3 b6 42. a6 Ng8
43. b5 Kd8 44. Bc6 Ne7 45. Kd2 Ng6 46. Ke2 Nh4 47. Kf2 Ke7 48. Bb7 Ng6 49. Ke2 Kd7
50. Bc6+ Kc7 51. Kf2 Nh4 52. Ke2  1/2-1/2

[Event "British Chess Championships 2023: U12 Championship"]
[Site "The Venue, De Montfort University, 20 Western Boulevard, Leicester, LE2 7BU"]
[Date "2023.07.29"]
[Round "7"]
[Board "4"]
[White "De Silva, Sithun"]
[Black "Pereslavtsev, Alexandr"]
[Result "1-0"]
[WhiteElo "1664"]
[BlackElo "1555"]
[PlyCount "0"]
[EventDate "2023.07.25"]
[EventRounds "7"]
[EventCountry "ENG"]

1. e4 c5 2. Nf3 d6 3. d4 cxd4 4. Nxd4 Nf6 5. Nc3 a6 6. f3 e5 7. Nb3 Be7 8. Be3 Be6
9. Qd2 Nbd7 10. g4 b5 11. O-O-O O-O 12. g5 b4 13. gxf6 bxc3 14. Qxc3 Nxf6 15. Na5
Bd7 16. Nc4 Qc7 17. Nb6 Qxc3 18. bxc3 Rab8 19. Nxd7 Nxd7 20. Bxa6 Ra8 21. Bc4 Rfc8
22. Bd5 Ra5 23. Kb2 Rb5+ 24. Bb3 Nf6 25. Bg5 Rc6 26. Bxf6 Bxf6 27. Rd5 Rb8 28. Rhd1
Be7 29. Ra5 Kf8 30. Rdd5 g6 31. Ra7 Rcb6 32. Rda5 R6b7 33. Rxb7 Rxb7 34. a4 f5 35.
Ra8+ Kg7 36. a5 Kh6 37. a6 Rb5 38. Re8 Ra5 39. Rxe7 Rxa6 40. Bg8 Kg5 41. Bxh7 Kf4
42. Bxg6 Kxf3 43. Bxf5 Kf4 44. c4 Ra8 45. h4 Rh8 46. Rh7 Rb8+ 47. Kc3 Ke3 48. h5
d5 49. exd5 e4 50. h6 Kf3 51. Bxe4 Kxe4 52. Re7+ Kf5 53. h7 Kg6 54. d6 Rd8 55. d7
Rh8 56. Re8 Rxh7 57. d8=Q Rh3+ 58. Kb2 Kg7 59. Qg5+ Kh7 60. Re7+ Kh8  1-0

[Event "British Chess Championships 2023: U12 Championship"]
[Site "The Venue, De Montfort University, 20 Western Boulevard, Leicester, LE2 7BU"]
[Date "2023.07.29"]
[Round "7"]
[Board "5"]
[White "Yu, Rock"]
[Black "Walia, Shulin"]
[Result "0-1"]
[WhiteElo "1658"]
[BlackElo "1825"]
[PlyCount "0"]
[EventDate "2023.07.25"]
[EventRounds "7"]
[EventCountry "ENG"]

1. c4 e5 2. Nc3 Nf6 3. g3 Nc6 4. Bg2 b6 5. Nf3 Rb8 6. O-O Bb7 7. e3 Bb4 8. Nd5 Bd6
9. Nxf6+ Qxf6 10. d4 Qd8 11. dxe5 Bxe5 12. Nxe5 Nxe5 13. f4 Bxg2 14. Kxg2 Nc6 15.
Qg4 O-O 16. e4 Qe7 17. Qf3 Rfe8 18. Re1 Qb4 19. Qf1 Nd4 20. Rd1 Rxe4 21. Bd2 Qxb2
22. Rab1 Qc2 23. Rbc1 Qa4 24. Be1 Qc6  0-1

[Event "British Chess Championships 2023: U12 Championship"]
[Site "The Venue, De Montfort University, 20 Western Boulevard, Leicester, LE2 7BU"]
[Date "2023.07.29"]
[Round "7"]
[Board "6"]
[White "Nguyen, Anh"]
[Black "Kendall, Arthur"]
[Result "0-1"]
[WhiteElo "1664"]
[BlackElo "1438"]
[PlyCount "0"]
[EventDate "2023.07.25"]
[EventRounds "7"]
[EventCountry "ENG"]

1. e4 e6 2. d4 d5 3. Nc3 Nf6 4. Bg5 dxe4 5. Nxe4 Nbd7 6. Nf3 h6 7. Nxf6+ Nxf6 8.
Bh4 Be7 9. c3 a6 10. Bd3 O-O 11. Qe2 Nd5 12. Bg3 b5 13. a3 Bd6 14. O-O Qe7 15. Rfe1
c5 16. Rad1 Rb8 17. Ne5 Bb7 18. dxc5 Bxc5 19. Nf3 Rbc8 20. Be4 Rfd8 21. Nd4 Nf6 22.
Bf3 Bxd4 23. cxd4 Nd5 24. Be5 Rc4 25. Be4 Nf6 26. Bxf6 gxf6 27. Qg4+ Kh8 28. Bxb7
Qxb7 29. Qf4 Kg7 30. Re3 Rd5 31. h4 f5 32. h5 Qe7 33. Rg3+ Kh7 34. Qb8 Qd8 35. Qa7
Rd7 36. Qxa6 Rcxd4 37. Re1 R7d5 38. Qb7 Qd7 39. Qb8 Qd8 40. Qb7 Qd7 41. Qb8 Qd8 42.
Qa7 Qd7 43. Qa8 Rg4 44. Rxg4 fxg4 45. g3 Qc7 46. Qe8 Qb7 47. Rc1 Rxh5 48. Qc6 Qxc6
49. Rxc6 Kg7 50. Kf1 Kf6 51. Ke2 Rd5 52. Ke3 h5 53. b3 Ke7 54. Ra6 Rf5 55. b4 Rf3+
56. Ke2 Kd7 57. a4 bxa4 58. Rxa4 Kc6 59. Ra5 f5 60. Rc5+ Kd6 61. Ra5 Rb3 62. Ra6+
Ke5 63. Ra5+ Kd4 64. Ra6 e5 65. Rh6 Ke4 66. Rxh5 Rxb4 67. Kf1 f4 68. gxf4 exf4 69.
Kg2 Rb2 70. Rh1 Re2 71. Rd1 g3 72. Rf1 gxf2 73. Rxf2 Ke3 74. Rxe2+ Kxe2 75. Kh2 f3
 0-1

[Event "British Chess Championships 2023: U12 Championship"]
[Site "The Venue, De Montfort University, 20 Western Boulevard, Leicester, LE2 7BU"]
[Date "2023.07.29"]
[Round "7"]
[Board "7"]
[White "Ward, Cian"]
[Black "Catabay, Rezin C"]
[Result "0-1"]
[WhiteElo "1630"]
[BlackElo "1579"]
[PlyCount "0"]
[EventDate "2023.07.25"]
[EventRounds "7"]
[EventCountry "ENG"]

1. e4 e6 2. d4 d5 3. exd5 exd5 4. Nf3 Bd6 5. c4 dxc4 6. Bxc4 Nf6 7. O-O O-O 8. Nc3
Bg4 9. h3 Bh5 10. Be3 Nc6 11. Re1 h6 12. Be2 Re8 13. Nh4 Bxe2 14. Rxe2 Qd7 15. a3
a5 16. Qc2 Rad8 17. Rd1 Ne7 18. Nf3 Ned5 19. Rdd2 Nxc3 20. bxc3 Ne4 21. Rd1 Qc6 22.
Bd2 Nf6 23. Rde1 Rxe2 24. Rxe2 Qc4 25. Bc1 Nd5 26. Bb2 Nf4 27. Re3 b5 28. Nd2 Qd5
29. Nf3 c5 30. Re4 f5 31. Re3 c4 32. Bc1 Nd3 33. Ne1 Bf4 34. Nxd3 Bxe3 35. Bxe3 cxd3
36. Qxd3 g5 37. Kh2 Rb8 38. h4 Qe4 39. Qxe4 fxe4 40. hxg5 Rc8 41. Bd2 hxg5 42. Kg1
Rc4 43. Kf1 Ra4 44. Bxg5 Rxa3 45. Ke1 Rxc3 46. Bd2 Ra3 47. Kd1 b4 48. Kc2 Ra2+ 49.
Kc1 b3 50. Be3 a4 51. Kb1 a3 52. g3 Re2  0-1

[Event "British Chess Championships 2023: U12 Championship"]
[Site "The Venue, De Montfort University, 20 Western Boulevard, Leicester, LE2 7BU"]
[Date "2023.07.29"]
[Round "7"]
[Board "8"]
[White "Beattie, Conor"]
[Black "Ashton, Alannah"]
[Result "1/2-1/2"]
[WhiteElo "1570"]
[BlackElo "1497"]
[PlyCount "0"]
[EventDate "2023.07.25"]
[EventRounds "7"]
[EventCountry "ENG"]

1. c4 c5 2. Nc3 Nc6 3. g3 e6 4. Bg2 Nf6 5. d3 d5 6. cxd5 exd5 7. Bg5 d4 8. Ne4 Be7
9. Bxf6 Bxf6 10. Qd2 Be7 11. Qd1 Be6 12. Nd2 Bd5 13. Ngf3 h5 14. h4 O-O 15. O-O Qc7
16. Ng5 Bxg2 17. Kxg2 Bxg5 18. hxg5 Qe7 19. Ne4 Ne5 20. e3 Ng4 21. Rh1 g6 22. Qxg4
hxg4 23. Nf6+ Qxf6 24. gxf6 Rfd8 25. Rh6 Rd5 26. Rah1 Rh5 27. R1xh5 gxh5 28. Rxh5
dxe3 29. fxe3 Rd8 30. Rg5+ Kh8 31. Rxc5 Rxd3 32. Rh5+ Kg8 33. Rg5+ Kf8 34. Rxg4 Rxe3
35. Kf2 Re6 36. Rf4 Rc6 37. Ke3 Rc2 38. Rf2 Rc6 39. Ke4 Kg8 40. Kf5 Rc5+ 41. Kf4
Kh7  1/2-1/2

[Event "British Chess Championships 2023: U12 Championship"]
[Site "The Venue, De Montfort University, 20 Western Boulevard, Leicester, LE2 7BU"]
[Date "2023.07.29"]
[Round "7"]
[Board "9"]
[White "Lebedev, Lion"]
[Black "Ding, Yiwen"]
[Result "1-0"]
[WhiteElo "1719"]
[BlackElo "1511"]
[PlyCount "0"]
[EventDate "2023.07.25"]
[EventRounds "7"]
[EventCountry "ENG"]

1. e4 c5 2. Nf3 d6 3. d4 cxd4 4. Nxd4 Nf6 5. Nc3 a6 6. Be3 e6 7. f3 b5 8. Qd2 Be7
9. g4 Bb7 10. g5 Nfd7 11. O-O-O Nb6 12. h4 N8d7 13. h5 b4 14. Nb1 d5 15. Be2 a5 16.
g6 Bf6 17. f4 dxe4 18. f5 Bxd4 19. gxf7+ Kxf7 20. fxe6+ Kxe6 21. Bg4+ Kf7 22. Bxd4
e3 23. Rhf1+ Nf6 24. Qxe3 Nbd7 25. Qe6+ Kf8 26. Bxf6 gxf6 27. Rxd7 Qxd7 28. Qxd7
Bd5 29. Rxf6+  1-0

[Event "British Chess Championships 2023: U12 Championship"]
[Site "The Venue, De Montfort University, 20 Western Boulevard, Leicester, LE2 7BU"]
[Date "2023.07.29"]
[Round "7"]
[Board "10"]
[White "Lukhi, Neev"]
[Black "Richmond, Frank"]
[Result "1/2-1/2"]
[WhiteElo "1588"]
[BlackElo "1708"]
[PlyCount "49"]
[EventDate "2023.07.25"]
[EventRounds "7"]
[EventCountry "ENG"]

1. d4 Nf6 2. Bf4 g6 3. e3 Bg7 4. c3 d6 5. h3 O-O 6. Nf3 Nbd7 7. Be2 Re8 8. O-O b6
9. Na3 Bb7 10. Nc4 Nh5 11. Bh2 f5 12. Nh4 Nhf6 13. Nf3 Ne4 14. Nfd2 e5 15. Nxe4 Bxe4
16. Nd2 Bb7 17. Qb3+ Kh8 18. Bf3 Bxf3 19. Nxf3 Qe7 20. Rad1 c5 21. dxe5 dxe5 22.
Ng5 Bf6 23. Qd5 Nf8 24. Nf7+ Kg7 25. Nd6  1/2-1/2

[Event "British Chess Championships 2023: U12 Championship"]
[Site "The Venue, De Montfort University, 20 Western Boulevard, Leicester, LE2 7BU"]
[Date "2023.07.29"]
[Round "7"]
[Board "11"]
[White "Marsden, Rupert"]
[Black "Gill, Veer"]
[Result "1/2-1/2"]
[WhiteElo "1670"]
[BlackElo "1443"]
[PlyCount "0"]
[EventDate "2023.07.25"]
[EventRounds "7"]
[EventCountry "ENG"]

1. c4 c6 2. e4 e6 3. d4 d5 4. exd5 exd5 5. Nf3 Nf6 6. Be2 Be7 7. O-O O-O 8. Nc3 Bf5
9. Bf4 Nbd7 10. Rc1 Nb6 11. c5 Nbd7 12. b4 a6 13. Na4 Ne4 14. Ne5 Nxe5 15. Bxe5 Bg5
16. f4 Be7 17. Nb6 Ra7 18. g4 f6 19. gxf5 fxe5 20. fxe5 Bg5 21. Kh1 Be3 22. Bd3 Qh4
23. Rf3 Bxc1 24. Qxc1 Nf2+ 25. Kg1 Nxd3 26. Rxd3 Rxf5 27. Qd2 Qg4+ 28. Rg3 Qe4 29.
h3 Qb1+ 30. Kh2 Qf1 31. Qg2 Qxg2+ 32. Kxg2 Rf8 33. Nd7 Rd8 34. e6 Raa8 35. Nf6+  1/2-1/2

[Event "British Chess Championships 2023: U12 Championship"]
[Site "The Venue, De Montfort University, 20 Western Boulevard, Leicester, LE2 7BU"]
[Date "2023.07.29"]
[Round "7"]
[Board "12"]
[White "Pandya, Dhairya"]
[Black "Sefton, Adam"]
[Result "1-0"]
[WhiteElo "1569"]
[BlackElo "1685"]
[PlyCount "0"]
[EventDate "2023.07.25"]
[EventRounds "7"]
[EventCountry "ENG"]

1. e4 e6 2. Nf3 d5 3. Nc3 Nf6 4. e5 Nfd7 5. d4 c5 6. Bg5 f6 7. Bf4 a6 8. a4 cxd4
9. Nxd4 Nxe5 10. Bxe5 fxe5 11. Qh5+ Kd7 12. Qxe5 Qf6 13. Qxf6 gxf6 14. g3 Nc6 15.
Nde2 Bd6 16. Bg2 b6 17. Rd1 Bb7 18. f4 Ne7 19. Rf1 f5 20. Rd3 Rac8 21. Nd4 Nc6 22.
Nce2 h5 23. c3 Rcg8 24. h4 Rb8 25. Kd1 b5 26. axb5 axb5 27. Kc2 b4 28. Rb1 bxc3 29.
bxc3 Ba6 30. Rdd1 Na5 31. Rxb8 Rxb8 32. Ra1 Bxe2 33. Rxa5 Bc4 34. Ra7+ Bc7 35. Nxe6
Kxe6 36. Rxc7 Ra8 37. Rxc4 Ra2+ 38. Kb3 Rxg2 39. Rc6+ Ke7 40. Rg6 Kf7 41. Rg5 Kf6
42. Kb4 Rd2 43. Rxh5 d4 44. cxd4 Rxd4+ 45. Kc5 Rd1 46. Rg5 Rh1 47. Kc6 Rc1+ 48. Kd7
Rd1+ 49. Ke8 Re1+ 50. Kf8 Ra1 51. Kg8 Ra7 52. h5 Ra1 53. h6 Ra8+ 54. Kh7 Ra7+ 55.
Rg7 Ra8 56. Rg8 Ra7+ 57. Kh8 Ra1 58. h7 Ra7 59. g4 fxg4 60. Rxg4 Ra8+ 61. Rg8 Ra6
62. Rf8+ Ke7 63. Kg7 Ra1 64. Rf7+ Ke6 65. h8=Q Rg1+ 66. Kf8  1-0

[Event "British Chess Championships 2023: U12 Championship"]
[Site "The Venue, De Montfort University, 20 Western Boulevard, Leicester, LE2 7BU"]
[Date "2023.07.29"]
[Round "7"]
[Board "13"]
[White "Chandrashekhar, Druha"]
[Black "Hariharan, Shambavi"]
[Result "0-1"]
[WhiteElo "1516"]
[BlackElo "1615"]
[PlyCount "0"]
[EventDate "2023.07.25"]
[EventRounds "7"]
[EventCountry "ENG"]

1. Nf3 d5 2. c4 c6 3. cxd5 cxd5 4. d4 Nc6 5. Bf4 Bf5 6. e3 e6 7. Bb5 Qa5+ 8. Nc3
Bb4 9. Bxc6+ bxc6 10. Qb3 Nf6 11. O-O Bxc3 12. bxc3 O-O 13. Rac1 Ne4 14. Rfd1 Bg4
15. h3 Bxf3 16. gxf3 Nf6 17. Kh1 Qd8 18. Rg1 Nh5 19. Bg5 f6 20. Bh4 Qd7 21. Qd1 e5
22. Qf1 Qf7 23. Bg3 g6 24. Bh2 Rab8 25. Qe2 Qe6 26. Rg4 Rb6 27. Rcg1 Rfb8 28. dxe5
fxe5 29. Rg5 Qxh3 30. f4 Rb1 31. fxe5 R8b2 32. Qg4 Rxg1+ 33. Qxg1 Qf3+ 34. Rg2 Rd2
35. Qf1 Rd1 36. Kg1 Rxf1+ 37. Kxf1 Qd1#  0-1

[Event "British Chess Championships 2023: U12 Championship"]
[Site "The Venue, De Montfort University, 20 Western Boulevard, Leicester, LE2 7BU"]
[Date "2023.07.29"]
[Round "7"]
[Board "14"]
[White "Rughani, Mahin"]
[Black "Konara, Seha"]
[Result "1-0"]
[WhiteElo "1687"]
[BlackElo "1218"]
[PlyCount "0"]
[EventDate "2023.07.25"]
[EventRounds "7"]
[EventCountry "ENG"]

1. d4 d5 2. Bf4 Bf5 3. e3 e6 4. Bd3 Bxd3 5. Qxd3 c6 6. c3 Bd6 7. Bg3 Nf6 8. Nf3 O-O
9. Nbd2 Re8 10. O-O Qc7 11. Bxd6 Qxd6 12. c4 Nbd7 13. Rfd1 e5 14. dxe5 Nxe5 15. Nxe5
Qxe5 16. Qb3 Re7 17. c5 Ne4 18. Nxe4 Qxe4 19. Rd4 Qe5 20. Rad1 Rd8 21. h3 f5 22.
Qd3 Rf8 23. Re1 Rff7 24. b4 a6 25. a4 Kf8 26. b5 axb5 27. axb5 Qc7 28. Ra1 b6 29.
cxb6 Qxb6 30. Ra8+ Re8 31. Qa3+ Rfe7 32. Rxe8+ Kxe8 33. Qa8+ Kd7 34. bxc6+ Kd6 35.
Rxd5+ Ke6 36. Qa2 Ra7 37. Ra5+  1-0

[Event "British Chess Championships 2023: U12 Championship"]
[Site "The Venue, De Montfort University, 20 Western Boulevard, Leicester, LE2 7BU"]
[Date "2023.07.29"]
[Round "7"]
[Board "15"]
[White "Gomez, Hal"]
[Black "Sisupalan, Beni"]
[Result "1/2-1/2"]
[WhiteElo "1305"]
[BlackElo "1476"]
[PlyCount "93"]
[EventDate "2023.07.25"]
[EventRounds "7"]
[EventCountry "ENG"]

1. c4 e5 2. Nc3 Nf6 3. g3 Nc6 4. Bg2 Bc5 5. e3 d6 6. Nge2 O-O 7. O-O Bf5 8. a3 a5
9. d4 Ba7 10. d5 Nb8 11. b4 Bb6 12. Bb2 Na6 13. b5 Nc5 14. Nc1 Qc8 15. Na4 Bg4 16.
Nxb6 cxb6 17. f3 Bh5 18. Nd3 Bg6 19. e4 Qc7 20. Rc1 Rac8 21. Kh1 Qd7 22. Rc3 Rfe8
23. a4 Nxd3 24. Qxd3 Qe7 25. Bc1 Nd7 26. Be3 Nc5 27. Bxc5 Rxc5 28. Re1 Qg5 29. Qe3
Qxe3 30. Rexe3 f6 31. Bh3 Bf7 32. Re1 Re7 33. Rf1 h6 34. Rf2 g6 35. Kg1 Kg7 36. Kh1
Re8 37. g4 Rd8 38. Kg1 f5 39. gxf5 gxf5 40. Bxf5 Kf6 41. Rg2 Re8 42. Kf2 Re7 43.
Ke3 Rec7 44. Kd3 Re7 45. Ke3 Rec7 46. Kd3 Re7 47. Ke3  1/2-1/2

[Event "British Chess Championships 2023: U12 Championship"]
[Site "The Venue, De Montfort University, 20 Western Boulevard, Leicester, LE2 7BU"]
[Date "2023.07.29"]
[Round "7"]
[Board "16"]
[White "Ding, Yihua"]
[Black "Sui, Yueyue"]
[Result "0-1"]
[WhiteElo "977"]
[BlackElo "1512"]
[PlyCount "102"]
[EventDate "2023.07.25"]
[EventRounds "7"]
[EventCountry "ENG"]

1. d4 Nf6 2. c4 e6 3. Nc3 d5 4. Bf4 dxc4 5. e3 Nd5 6. Nh3 Nxc3 7. bxc3 b5 8. Qf3
Qd5 9. Qxd5 exd5 10. Bxc7 Nc6 11. Bg3 Be6 12. Nf4 Kd7 13. Rb1 a6 14. Be2 Bd6 15.
Nxe6 fxe6 16. Bxd6 Kxd6 17. O-O Rab8 18. a3 a5 19. f3 b4 20. axb4 axb4 21. cxb4 Rxb4
22. Rxb4 Nxb4 23. e4 Nc6 24. exd5 exd5 25. Rd1 Rb8 26. Kf1 Rb2 27. f4 Ne7 28. Kf2
Ng8 29. Ke3 Nf6 30. Bf3 Rb3+ 31. Ke2 Ne4 32. Bxe4 dxe4 33. Rc1 Kd5 34. g4 Kxd4 35.
Rd1+ Rd3 36. Rxd3+ exd3+ 37. Kd2 c3+ 38. Kd1 Ke3 39. Kc1 d2+ 40. Kc2 Ke2 41. Kxc3
d1=Q 42. h4 Qd5 43. f5 Ke3 44. f6 Qd4+ 45. Kb3 gxf6 46. g5 fxg5 47. hxg5 Kd3 48.
g6 hxg6 49. Ka2 Qb4 50. Ka1 Kc2 51. Ka2 Qb2#  0-1

[Event "British Chess Championships 2023: U12 Championship"]
[Site "The Venue, De Montfort University, 20 Western Boulevard, Leicester, LE2 7BU"]
[Date "2023.07.29"]
[Round "7"]
[Board "17"]
[White "Blin, Henri"]
[Black "Merchant, Samuel"]
[Result "1-0"]
[WhiteElo "1211"]
[BlackElo "1291"]
[PlyCount "61"]
[EventDate "2023.07.25"]
[EventRounds "7"]
[EventCountry "ENG"]

1. e4 c5 2. Nf3 d6 3. d4 cxd4 4. Nxd4 Nf6 5. Nc3 a6 6. Be3 e6 7. f3 Be7 8. Qd2 b5
9. g4 Bb7 10. O-O-O Nfd7 11. g5 Ne5 12. Be2 Nbd7 13. f4 b4 14. Na4 Nc6 15. b3 O-O
16. h4 Rc8 17. h5 Qc7 18. Bd3 Nxd4 19. Bxd4 f5 20. Rhe1 fxe4 21. Bxe4 Bc6 22. Bxc6
Qxc6 23. Be3 Rf5 24. h6 g6 25. Re2 a5 26. Qd4 Bf8 27. Nb2 Nb6 28. Qxb6 Qf3 29. Rde1
Rc6 30. Qa7 Rd5 31. Nc4  1-0

[Event "British Chess Championships 2023: U12 Championship"]
[Site "The Venue, De Montfort University, 20 Western Boulevard, Leicester, LE2 7BU"]
[Date "2023.07.29"]
[Round "7"]
[Board "18"]
[White "Pai, Sidhanth"]
[Black "Burnside, Aidan"]
[Result "1-0"]
[WhiteElo "1438"]
[BlackElo "1345"]
[PlyCount "121"]
[EventDate "2023.07.25"]
[EventRounds "7"]
[EventCountry "ENG"]

1. e4 e5 2. Nf3 Nc6 3. Bc4 Bc5 4. c3 Nf6 5. d4 exd4 6. e5 d5 7. Bb5 Ne4 8. cxd4 Bb4+
9. Bd2 Bxd2+ 10. Nbxd2 Nxd2 11. Qxd2 Bd7 12. Rc1 O-O 13. O-O a6 14. Ba4 Nxe5 15.
Nxe5 Bxa4 16. Qb4 f6 17. Qxa4 fxe5 18. dxe5 Qe7 19. Qd4 c6 20. f4 Rae8 21. Rce1 g6
22. Kh1 h5 23. Qd3 Rf5 24. g3 Qe6 25. Qb3 b5 26. Qa3 d4 27. Rd1 Qd5+ 28. Qf3 Qxf3+
29. Rxf3 c5 30. Ra3 Re6 31. Kg2 g5 32. Rf3 a5 33. b3 h4 34. Kh3 hxg3 35. hxg3 Kg7
36. Kg4 Kg6 37. Rh1 gxf4 38. gxf4 a4 39. Rh6+ Kxh6 40. Kxf5 Rxe5+ 41. fxe5 Kg7 42.
Ke4 c4 43. bxc4 b4 44. Kxd4 b3 45. axb3 a3 46. Rf1 a2 47. Ra1 Kf7 48. Rxa2 Ke6 49.
Ke4 Kd7 50. Kd5 Ke7 51. e6 Kd8 52. Kd6 Kc8 53. Kc6 Kd8 54. Ra7 Ke8 55. e7 Kf7 56.
e8=Q+ Kxe8 57. Kd6 Kf8 58. Ke6 Kg8 59. Kf6 Kh8 60. Kg6 Kg8 61. Ra8#  1-0

[Event "British Chess Championships 2023: U12 Championship"]
[Site "The Venue, De Montfort University, 20 Western Boulevard, Leicester, LE2 7BU"]
[Date "2023.07.29"]
[Round "7"]
[Board "19"]
[White "Lee, Yuk Hei"]
[Black "Singh, Avyanna"]
[Result "1/2-1/2"]
[WhiteElo "1390"]
[BlackElo "1246"]
[PlyCount "66"]
[EventDate "2023.07.25"]
[EventRounds "7"]
[EventCountry "ENG"]

1. e4 e5 2. Nf3 Nc6 3. Bc4 Bc5 4. c3 Nf6 5. d3 d6 6. h3 a6 7. O-O Ba7 8. Be3 h6 9.
a4 O-O 10. Nbd2 Re8 11. Re1 Be6 12. Bb3 Nh5 13. Nxe5 Nxe5 14. Qxh5 Nxd3 15. Bxe6
Rxe6 16. Reb1 Bxe3 17. fxe3 Nc5 18. Rf1 Qe7 19. Rf3 Re5 20. Rf5 Rd8 21. b4 Nd7 22.
Raf1 Nf6 23. Qh4 d5 24. Qg3 Rxf5 25. exf5 Qd7 26. a5 Qc6 27. Qe5 Re8 28. Qd4 Nh5
29. Rf3 Nf6 30. Rg3 Nh5 31. Rf3 Nf6 32. Rg3 Nh5 33. Rf3 Nf6  1/2-1/2

[Event "British Chess Championships 2023: U12 Championship"]
[Site "The Venue, De Montfort University, 20 Western Boulevard, Leicester, LE2 7BU"]
[Date "2023.07.29"]
[Round "7"]
[Board "20"]
[White "Calvert, George"]
[Black "Patel, Diah"]
[Result "1-0"]
[WhiteElo "1345"]
[BlackElo "1211"]
[PlyCount "109"]
[EventDate "2023.07.25"]
[EventRounds "7"]
[EventCountry "ENG"]

1. e4 e5 2. Nf3 Nc6 3. Nc3 Nf6 4. d4 exd4 5. Nxd4 Bb4 6. Be2 Nxe4 7. Bd2 Nxd4 8.
Nxe4 Bxd2+ 9. Qxd2 Nxe2 10. Qxe2 O-O 11. O-O Re8 12. Rfe1 Re6 13. Qh5 Rh6 14. Qg5
f6 15. Qd5+ Kh8 16. Qf7 d6 17. Nxf6 Be6 18. Rxe6 Rxf6 19. Rxf6 Qxf6 20. Qxf6 gxf6
21. Re1 b6 22. Re7 Rc8 23. Rf7 Re8 24. Kf1 Re5 25. Rxc7 Ra5 26. a3 Rb5 27. b4 a5
28. c3 axb4 29. axb4 Rd5 30. Ke2 Re5+ 31. Kd3 Rf5 32. f3 Rg5 33. g4 f5 34. h4 Rg7
35. Rc8+ Rg8 36. Rxg8+ Kxg8 37. gxf5 Kf7 38. Ke4 Kf6 39. Kd5 Kxf5 40. Kxd6 Kf4 41.
Kc6 Kxf3 42. Kxb6 Ke3 43. b5 Kd3 44. Kc6 Kxc3 45. b6 h5 46. b7 Kc4 47. b8=Q Kd4 48.
Qf4+ Kd3 49. Kd5 Kc2 50. Qe3 Kb2 51. Qd3 Ka2 52. Qb5 Ka1 53. Kc4 Ka2 54. Kc3 Ka1
55. Qb2#  1-0

[Event "British Chess Championships 2023: U12 Championship"]
[Site "The Venue, De Montfort University, 20 Western Boulevard, Leicester, LE2 7BU"]
[Date "2023.07.29"]
[Round "7"]
[Board "21"]
[White "Bates, Hubert"]
[Black "Shah, Samuel"]
[Result "1-0"]
[WhiteElo "1368"]
[BlackElo "1074"]
[PlyCount "135"]
[EventDate "2023.07.25"]
[EventRounds "7"]
[EventCountry "ENG"]

1. e4 e5 2. Nf3 Nc6 3. Bc4 Bc5 4. c3 Nf6 5. d3 d6 6. O-O O-O 7. Re1 Be6 8. Bb5 a6
9. Ba4 b5 10. Bc2 h6 11. d4 exd4 12. cxd4 Bb4 13. Nc3 Bg4 14. a3 Bxf3 15. gxf3 Ba5
16. Be3 Bxc3 17. bxc3 Nd7 18. Kh1 Kh8 19. Qd2 Qf6 20. f4 Rad8 21. e5 dxe5 22. fxe5
Ndxe5 23. Rg1 Nf3 24. Qd3 g6 25. Bxh6 Nxg1 26. Bxf8 Qf3+ 27. Qxf3 Nxf3 28. Bh6 g5
29. Be4 Nd2 30. Bxc6 f6 31. h4 Rd6 32. Bg2 Nc4 33. hxg5 fxg5 34. Bxg5 Rg6 35. Be3
Nxe3 36. fxe3 Re6 37. e4 c6 38. a4 Kg7 39. axb5 axb5 40. Ra6 Kf6 41. d5 cxd5 42.
Rxe6+ Kxe6 43. exd5+ Kd6 44. Kg1 Kc5 45. Kf2 Kd6 46. Ke3 Ke5 47. Kd3 Kd6 48. Kd4
Kd7 49. Kc5 Kc7 50. d6+ Kc8 51. Kc6 Kd8 52. d7 Ke7 53. Kc7 Ke6 54. d8=Q Ke5 55. Qd7
Kf4 56. Bf3 Ke5 57. Qd5+ Kf6 58. Qe4 Kg5 59. Bh1 Kf6 60. Kd6 Kg5 61. Qf3 Kg6 62.
Qf4 Kh5 63. Qg3 Kh6 64. Qg4 Kh7 65. Qg5 Kh8 66. Ke7 Kh7 67. Kf7 Kh8 68. Qh4#  1-0

[Event "British Chess Championships 2023: U12 Championship"]
[Site "The Venue, De Montfort University, 20 Western Boulevard, Leicester, LE2 7BU"]
[Date "2023.07.29"]
[Round "7"]
[Board "22"]
[White "Burgess, Rose"]
[Black "Gupta, Aditya"]
[Result "0-1"]
[WhiteElo "1074"]
[BlackElo "1393"]
[PlyCount "100"]
[EventDate "2023.07.25"]
[EventRounds "7"]
[EventCountry "ENG"]

1. e4 c6 2. d4 d5 3. exd5 cxd5 4. Bd3 Nc6 5. Be3 Nf6 6. Nc3 g6 7. Qd2 Bg7 8. f3 a6
9. Nge2 Nb4 10. a3 Nxd3+ 11. Qxd3 Bf5 12. Qd2 h5 13. Ng3 Qd7 14. Bg5 Qe6+ 15. Be3
Bxc2 16. Qxc2 Qxe3+ 17. Qe2 Qxe2+ 18. Ngxe2 e6 19. O-O O-O 20. Na4 Nd7 21. Rac1 Rac8
22. b4 b5 23. Nc5 Nxc5 24. bxc5 Rc6 25. Rfd1 Re8 26. Nc3 Bh6 27. Rc2 Rb8 28. Na2
a5 29. Kf2 b4 30. axb4 axb4 31. Rb2 Bg7 32. Rxb4 Ra8 33. Nc1 Bf8 34. Nb3 Ra2+ 35.
Rd2 Rxd2+ 36. Nxd2 Rxc5 37. Rb2 Rc7 38. Nf1 Bg7 39. Rd2 Ra7 40. Ng3 Ra4 41. Ne2 Kf8
42. Rd3 Ke7 43. Ke3 Kd6 44. h3 Bh6+ 45. f4 g5 46. g3 gxf4+ 47. gxf4 f6 48. Ng3 h4
49. Ne2 e5 50. Kf3 e4+  0-1